000 00826nam a22002417a 4500
003 OSt
005 20260427052651.0
008 260427b |||||||| |||| 00| 0 eng d
020 _a0-07-283660-1
040 _aDWC-Main lib
_cOC
082 _25th edition
_aCirc. 808.042 Si587 2002
100 _aSilverman, Jay
245 _aRules of thumb :
_ba guide for writers /
_cJay Silverman
260 _aBoston :
_bMcGraw-Hill,
_cc2002.
300 _axi, 180 pages :
_c23 cm. + 2 cd-rom
504 _aIncludes index.
650 _a1. English language - grammar- handbooks, etc.
650 _a2. English language - rhetoric- handbooks, manuals, etc.
650 _a3. Reporting writing - handbooks, manuals, etc.
700 _aHughes, Elaine
700 _aWienbroer, Diana Roberts
942 _2ddc
_cBK-CIRC
_e5th ed.
_hCirc.
_n0
999 _c9922
_d9922